| 000 | 02446nam a2200277 a 4500 | ||
|---|---|---|---|
| 001 | 53477 | ||
| 003 | BD-RjUL | ||
| 005 | 20211209075952.0 | ||
| 008 | 161016s2003 waua b i000 0 eng | ||
| 020 | _a0821354418 | ||
| 035 | _a(BD-RjUL)53598 | ||
| 040 |
_aDLC _beng _cDLC _dBD-RjUL |
||
| 041 | _aeng | ||
| 082 | 0 | 0 |
_a657.095496 _223 _bFIN 2003 |
| 245 | 0 | 0 |
_aFinancial accountability in Nepal : _ba country assessment / |
| 260 |
_aWashington, DC : _bWorld Bank, _c2003. |
||
| 300 |
_axiii, 148 p. : _bill. ; _c26 cm. |
||
| 504 | _aIncludes bibliographical references. | ||
| 505 | 0 | _aCh. I. Introduction -- Ch. II. Central Government Budgeting, Financial Planning, and Cash Flow Management -- Ch. III. Central Government Accounting and Financial Reporting -- Ch. IV. Local Government Accounting and Financial Reporting -- Ch. V. Cross-Cutting Issues in Public Sector's Financial Accountability -- Ch. VI. Independent Auditing -- Ch. VII. Oversight Arrangements -- Ch. VIII. Fiduciary Risk -- Ch. IX. Private Sector Accounting and Auditing -- Ch. X. Accountability in The Financial Sector -- Ch. XI. Corporate Governance -- Ch. XII. Accountability in The Non-Governmental Organizations -- Ch. XIII. Development Action Plan and Implementation Strategy. | |
| 520 | 1 | _a"Nepal has suffered from the lack of proper management of public expenditures, stagnant real revenues, large and inefficient parastatals, and a weak financial sector. Fiduciary risk remains high. His Majesty's Government of Nepal has accorded high priority to the assurance of good accountability and transparency in public sector financial management." "Reforms are now critical and should be approached in an integrated way covering planning, budgeting, accounting, internal control, internal audit, external audit, and oversight. Action in only one area of financial management will not result in the same degree of benefits. The capacity building recommended in this report's Development Action Plan is designed to introduce international accounting and auditing standards in both the public and the private sectors, and to close the gap between precept and practice. The Government has a firm commitment to implement these time-bound actions."--BOOK JACKET. | |
| 650 | 0 |
_aFinance, Public _zNepal. _9159867 |
|
| 650 | 0 |
_aFinance, Public _xAccounting _zNepal. _9159868 |
|
| 710 | 2 |
_aWorld Bank. _9159869 |
|
| 942 |
_2ddc _cBK |
||
| 999 |
_c53477 _d53477 |
||